[Event "Berdsk op"]
[Site "Berdsk"]
[Date "2010.01.10"]
[Round "9"]
[White "Chernikov, Vladislav"]
[Black "Khlichkova, Tatiana"]
[Result "0-1"]
[WhiteElo "1966"]
[BlackElo "2064"]
[PlyCount "72"]
[EventDate "2010.01.02"]
[EventType "swiss"]
[EventRounds "9"]
[EventCountry "RUS"]
[SourceTitle "CBM 134 Extra"]
[Source "ChessBase"]
[SourceDate "2010.03.03"]
[SourceVersion "1"]
[SourceVersionDate "2010.03.03"]
[SourceQuality "1"]

1. e4 g6 2. d4 Bg7 3. Nf3 d6 4. c4 Nc6 5. Nc3 e5 6. d5 Nce7 7. Bd3 f5 8. Bd2 Nf6 9. Qc2 c6 10. h3 h6 11. Nh4 f4 12. Nf3 a6 13. g3 fxg3 14. fxg3 Nh5 15. g4 Nf4 16. Bxf4 exf4 17. e5 0-0 18. 0-0-0 cxd5 19. Nxd5 Nxd5 20. cxd5 Bxg4 21. hxg4 Rc8 22. Bc4 b5 23. Kb1 Qe8 24. Bxb5 axb5 25. Qb3 dxe5 26. d6+ Qf7 27. Rhe1 Rc5 28. d7 Qxb3 29. axb3 Rd8 30. b4 Rc7 31. Nxe5 Bxe5 32. Rxe5 Rcxd7 33. Rc1 Rd1 34. Rxd1 Rxd1+ 35. Kc2 Rg1 36. Kd3 f3 0-1

[Event "Berdsk op"]
[Site "Berdsk"]
[Date "2010.01.07"]
[Round "6"]
[White "Chernikov, Vladislav"]
[Black "Kuznetsov, Evgeny"]
[Result "0-1"]
[WhiteElo "1966"]
[BlackElo "2171"]
[PlyCount "76"]
[EventDate "2010.01.02"]
[EventType "swiss"]
[EventRounds "9"]
[EventCountry "RUS"]
[SourceTitle "CBM 134 Extra"]
[Source "ChessBase"]
[SourceDate "2010.03.03"]
[SourceVersion "1"]
[SourceVersionDate "2010.03.03"]
[SourceQuality "1"]

1. d4 f5 2. Nf3 Nf6 3. e3 e6 4. b3 a5 5. a4 b6 6. Bb2 Bb7 7. Be2 Ne4 8. 0-0 Bb4 9. c3 Bd6 10. Nbd2 0-0 11. Nc4 Be7 12. Nfe5 d6 13. Nd3 Bg5 14. Kh1 Nd7 15. f3 Nef6 16. f4 Bh6 17. Bf3 Ne4 18. Nf2 d5 19. Bxe4 fxe4 20. Ne5 Nxe5 21. dxe5 Ba6 22. Rg1 g6 23. g4 Qh4 24. Qd2 d4 25. g5 Rxf4 26. exf4 e3 27. Qxd4 exf2 28. gxh6 fxg1Q+ 29. Kxg1 Qg4+ 30. Kf2 Rf8 31. Bc1 Qh4+ 32. Kg2 Bb7+ 33. Kf1 Rd8 34. Qf2 Rd1+ 35. Ke2 Qg4+ 36. Ke3 Qf5 37. Qe2 Qh3+ 38. Kf2 Qxh2+ 0-1

[Event "Sibiria Region-chT"]
[Site "Berdsk"]
[Date "2009.12.13"]
[Round "3"]
[White "Bocharov, Ivan"]
[Black "Chernikov, Vladislav"]
[Result "1-0"]
[WhiteElo "2476"]
[BlackElo "1922"]
[PlyCount "61"]
[EventDate "2009.12.12"]
[EventType "team-tourn"]
[EventRounds "5"]
[EventCountry "RUS"]
[SourceTitle "CBM 134 Extra"]
[Source "ChessBase"]
[SourceDate "2010.03.03"]
[SourceVersion "1"]
[SourceVersionDate "2010.03.03"]
[SourceQuality "1"]

1. f4 d5 2. Nf3 e6 3. g3 Nf6 4. Bg2 Be7 5. 0-0 0-0 6. e3 Nbd7 7. b3 b6 8. Bb2 Bb7 9. d3 c5 10. Nbd2 Rc8 11. a4 a6 12. h3 b5 13. Qe2 Qc7 14. axb5 axb5 15. Ne5 Nxe5 16. Bxe5 Bd6 17. Bxf6 gxf6 18. e4 Kh8 19. Qh5 d4 20. Ra7 e5 21. Qh6 Be7 22. Nf3 exf4 23. e5 fxe5 24. Nh4 Rb8 25. Be4 f5 26. Ng6+ Kg8 27. Bd5+ Rf7 28. Bxf7+ Kxf7 29. Qxh7+ Ke6 30. Re1 Bd6 31. Nxf4+ 1-0

[Event "Berdsk Maestro op 15th"]
[Site "Berdsk"]
[Date "2009.07.16"]
[Round "9"]
[White "Beletsky, Alexey"]
[Black "Chernikov, Vladislav"]
[Result "1-0"]
[WhiteElo "2342"]
[BlackElo "1922"]
[PlyCount "65"]
[EventDate "2009.07.08"]
[EventType "swiss"]
[EventRounds "9"]
[EventCountry "RUS"]
[SourceTitle "EXT 2022"]
[Source "ChessBase"]
[SourceDate "2021.10.06"]
[SourceVersion "1"]
[SourceVersionDate "2021.10.06"]
[SourceQuality "1"]

1. e4 c5 2. Nf3 e6 3. b3 d5 4. exd5 exd5 5. Bb5+ Bd7 6. Bxd7+ Nxd7 7. 0-0 Be7 8. Re1 Ngf6 9. Qe2 Nf8 10. Qb5+ Qd7 11. Qxc5 Ne6 12. Qe3 Ng4 13. Qe2 Nf4 14. Qf1 0-0 15. d4 Ne6 16. h3 Nf6 17. Be3 Rac8 18. c4 Rfd8 19. c5 b6 20. b4 a5 21. a3 Qa4 22. Nc3 Qd7 23. Red1 h6 24. Qd3 Qe8 25. Rab1 Rb8 26. Ne2 Rdc8 27. Nf4 Bd8 28. Nxe6 Qxe6 29. Bf4 Ra8 30. Re1 Qd7 31. Ne5 Qa7 32. Ng4 Nxg4 33. Re8# 1-0

[Event "Berdsk Maestro op 15th"]
[Site "Berdsk"]
[Date "2009.07.08"]
[Round "1"]
[White "Chernikov, Vladislav"]
[Black "Fellenger, Alexander"]
[Result "1-0"]
[WhiteElo "1922"]
[BlackElo "2172"]
[PlyCount "83"]
[EventDate "2009.07.08"]
[EventType "swiss"]
[EventRounds "9"]
[EventCountry "RUS"]
[SourceTitle "EXT 2022"]
[Source "ChessBase"]
[SourceDate "2021.10.06"]
[SourceVersion "1"]
[SourceVersionDate "2021.10.06"]
[SourceQuality "1"]

1. e4 c6 2. d4 d5 3. exd5 Qxd5 4. Nf3 Bg4 5. Be2 Nf6 6. c4 Qa5+ 7. Bd2 Qb6 8. c5 Qc7 9. Nc3 Nbd7 10. b4 e6 11. g3 Be7 12. Bf4 Qd8 13. h3 Bh5 14. 0-0 0-0 15. Qb3 Re8 16. b5 Bg6 17. bxc6 bxc6 18. Qb7 Ne4 19. Na4 Ndf6 20. Qxc6 Nd5 21. Qb7 Nxf4 22. gxf4 Rb8 23. Qa6 Bf5 24. Kg2 Nf6 25. Bb5 Rf8 26. Nc3 Nh5 27. Ne2 Qc7 28. Ne5 f6 29. Nd7 Nxf4+ 30. Nxf4 Qxf4 31. Nxb8 Rxb8 32. Bc4 Qe4+ 33. Kg3 Bd8 34. Qd6 Rc8 35. Qd7 Bc7+ 36. f4 Qe3+ 37. Rf3 Bxf4+ 38. Kg2 Qd2+ 39. Rf2 Be4+ 40. Kf1 Bd3+ 41. Kg1 Be3 42. Bxe6+ 1-0

[Event "Izmailov Memorial op 13th"]
[Site "Tomsk"]
[Date "2009.06.28"]
[Round "5"]
[White "Chernikov, Vladislav"]
[Black "Usatov, Vladimir"]
[Result "0-1"]
[WhiteElo "1924"]
[BlackElo "2157"]
[PlyCount "88"]
[EventDate "2009.06.24"]
[EventType "swiss"]
[EventRounds "9"]
[EventCountry "RUS"]
[SourceTitle "EXT 2010"]
[Source "ChessBase"]
[SourceDate "2010.11.25"]
[SourceVersion "1"]
[SourceVersionDate "2010.11.25"]
[SourceQuality "1"]

1. e4 c5 2. Nf3 Nc6 3. d4 cxd4 4. Nxd4 Nf6 5. Nc3 d6 6. Be3 Ng4 7. Be2 Nxe3 8. fxe3 g6 9. 0-0 Bh6 10. Nd5 0-0 11. Bg4 e6 12. Nf6+ Kg7 13. Qe2 Bg5 14. Nxc6 bxc6 15. e5 dxe5 16. Ne4 Be7 17. Nd2 f5 18. Bh3 Qb6 19. Nc4 Qc5 20. b4 Qxb4 21. Nxe5 Qc3 22. Nd3 Ba6 23. Rfd1 Rab8 24. Qd2 Qxd2 25. Rxd2 Bf6 26. Rad1 Bc3 27. Rf2 Rfd8 28. g4 e5 29. Rc1 f4 30. exf4 Bd4 31. Nxe5 Bxf2+ 32. Kxf2 Rd2+ 33. Kg3 c5 34. Nf3 Rdd8 35. Re1 Re8 36. Rd1 Rbd8 37. Rb1 Re3 38. Bf1 Bxf1 39. Rxf1 Ra3 40. Ra1 Rd2 41. Rc1 Re2 42. f5 gxf5 43. gxf5 Kf6 44. Kf4 Rf2 0-1

[Event "Sibiria Region-ch"]
[Site "Irkutsk"]
[Date "2009.05.14"]
[Round "7"]
[White "Chernikov, Vladislav"]
[Black "Ginzburg, Alexander"]
[Result "1-0"]
[WhiteElo "1924"]
[BlackElo "2021"]
[PlyCount "53"]
[EventDate "2009.05.10"]
[EventType "swiss"]
[EventRounds "9"]
[EventCountry "RUS"]
[SourceTitle "CBM 130 Extra"]
[Source "ChessBase"]
[SourceDate "2009.07.02"]
[SourceVersion "2"]
[SourceVersionDate "2009.07.15"]
[SourceQuality "1"]

1. e4 d6 2. d4 Nf6 3. Nc3 g6 4. f4 Bg7 5. Nf3 0-0 6. Bc4 c5 7. dxc5 Qa5 8. Bd2 Qxc5 9. Bb3 b5 10. a3 Ba6 11. Qe2 e6 12. Be3 Qh5 13. Qd2 e5 14. Qxd6 Ng4 15. Bc5 b4 16. axb4 exf4 17. Qd5 Ne5 18. Nxe5 Bxe5 19. b5 Bb7 20. Qxb7 Bxc3+ 21. bxc3 Qxc5 22. 0-0-0 Qe3+ 23. Kb1 a5 24. Qxa8 Nd7 25. Qd5 a4 26. Ba2 Nc5 27. Qc4 1-0